Listening on Sunday for sharing on Monday. (Record no. 11015)

000 -LEADER
fixed length control field 00793nam a2200229 a 4500
001 - CONTROL NUMBER
control field :::00008808$&:&@@
003 - CONTROL NUMBER IDENTIFIER
control field OkBaRHE
005 - DATE AND TIME OF LATEST TRANSACTION
control field 20100401161747.0
008 - FIXED-LENGTH DATA ELEMENTS--GENERAL INFORMATION
fixed length control field s1983 j 000 0 eng u
020 ## - INTERNATIONAL STANDARD BOOK NUMBER
International Standard Book Number 0817010009 (pbk.)
040 ## - CATALOGING SOURCE
Transcribing agency
100 1# - MAIN ENTRY--PERSONAL NAME
Personal name Thompson, William D.
245 10 - TITLE STATEMENT
Title Listening on Sunday for sharing on Monday.
260 ## - PUBLICATION, DISTRIBUTION, ETC. (IMPRINT)
Place of publication, distribution, etc Valley Forge, PA., :
Name of publisher, distributor, etc Judson Press
Date of publication, distribution, etc 1983
300 ## - PHYSICAL DESCRIPTION
Extent 64 p. ;
Dimensions 22 cm.
650 ## - SUBJECT ADDED ENTRY--TOPICAL TERM
Topical term or geographic name as entry element Evangelistic Work
650 ## - SUBJECT ADDED ENTRY--TOPICAL TERM
Topical term or geographic name as entry element Listening
General subdivision Religious Aspects
-- Christianity
650 ## - SUBJECT ADDED ENTRY--TOPICAL TERM
Topical term or geographic name as entry element Preaching
700 ## - ADDED ENTRY--PERSONAL NAME
Personal name American Baptist Churches in the U.S.A. National Task Force on the Proclamation of the Gospel.
942 ## - ADDED ENTRY ELEMENTS (KOHA)
Source of classification or shelving scheme
Koha item type Books
Copies
Withdrawn status Full call number Lost status Damaged status Permanent Location Source of classification or shelving scheme Copy number Koha item type Date acquired Price effective from Not for loan Date last seen Shelving location Barcode
 BV 3795 .T47 1983  RHEMA Bible Training College 1Books2010-04-142010-04-14 2010-04-14General Stacks8808